5 majeur NBA 2024-2025 (Conférence Ouest) - Statistiques

Statistiques générales
  • Ce quiz a été pris 352 fois
    192 depuis la dernière actualisation
  • Le résultat moyen est 51 sur 75
Statistiques - réponses
Hint Réponse % Correct
Dallas Mavericks Luka Doncic
99%
Denver Nuggets Nikola Jokic
96%
Golden State Warriors Stephen Curry
96%
Los Angeles Lakers Lebron James
94%
Los Angeles Lakers Anthony Davis
93%
New Orleans Pelicans Dejounte Murray
92%
Denver Nuggets Jamal Murray
92%
Memphis Grizzlies Ja Morant
92%
Sacramento Kings Keegan Murray
92%
Minnesota Timberwolves Anthony Edwards
91%
Houston Rockets Jalen Green
91%
San Antonio Spurs Victor Wembanyama
91%
Golden State Warriors Draymond Green
90%
Phoenix Suns Kevin Durant
90%
Dallas Mavericks Kyrie Irving
90%
Phoenix Suns Devin Booker
89%
Oklahoma Thunder Jalen Williams
89%
Los Angeles Clippers James Harden
89%
Los Angeles Clippers Kawhi Leonard
89%
Dallas Mavericks Klay Thompson
88%
Oklahoma Thunder Shai Gilgeous-Alexander
88%
Minnesota Timberwolves Rudy Gobert
87%
Denver Nuggets Aaron Gordon
86%
Houston Rockets Amen Thompson
86%
San Antonio Spurs Chris Paul
83%
Sacramento Kings De'Aaron Fox
82%
New Orleans Pelicans Zion Williamson
82%
Memphis Grizzlies Jaren Jackson Jr
81%
Houston Rockets Alperen Sengun
80%
Los Angeles Clippers Ivica Zubac
80%
Los Angeles Lakers Austin Reaves
79%
Sacramento Kings Domantas Sabonis
79%
Oklahoma Thunder Chet Holmgren
77%
Minnesota Timberwolves Julius Randle
73%
Utah Jazz Lauri Markkanen
72%
Oklahoma Thunder Luguentz Dort
71%
Dallas Mavericks Dereck Lively
70%
Denver Nuggets Christian Braun
69%
Minnesota Timberwolves Mike Conley
69%
San Antonio Spurs Devin Vassell
68%
Los Angeles Lakers Rui Hachimura
67%
Houston Rockets Fred VanVleet
66%
Minnesota Timberwolves Jaden McDaniels
66%
Phoenix Suns Bradley Beal
65%
San Antonio Spurs Jeremy Sochan
65%
Memphis Grizzlies Desmond Bane
64%
Portland Trail Blazers Deandre Ayton
61%
Houston Rockets Dillon Brooks
61%
Oklahoma Thunder Isaiah Hartenstein
59%
Dallas Mavericks PJ Washington
59%
Sacramento Kings DeMar DeRozan
57%
Golden State Warriors Jonathan Kuminga
57%
San Antonio Spurs Harrison Barnes
53%
Los Angeles Clippers Norman Powell
53%
Golden State Warriors Brandin Podziemski
52%
Denver Nuggets Russel Westbrook
52%
Los Angeles Clippers Derrick Jones Jr
51%
New Orleans Pelicans Herb Jones
50%
Phoenix Suns Jusuf Nurkic
49%
Golden State Warriors Andrew Wiggins
48%
Portland Trail Blazers Scoot Henderson
48%
Utah Jazz Walker Kessler
48%
Portland Trail Blazers Anfernee Simons
47%
Memphis Grizzlies Zack Edey
47%
New Orleans Pelicans Brandon Ingram
46%
Utah Jazz Jordan Clarkson
42%
Utah Jazz Collin Sexton
40%
Los Angeles Lakers D’Angelo Russell
40%
Portland Trail Blazers Toumani Camara
37%
Portland Trail Blazers Deni Avdija
34%
Sacramento Kings Malik Monk
33%
Phoenix Suns Gaysen Allen
30%
Memphis Grizzlies Santi Aldama
28%
Utah Jazz John Collins
24%
New Orleans Pelicans Daniel Theis
5%
Aucun quiz correspondant
Distribution des résultats
% des personnes avec chaque résultat
Percentile par nombre de réponses
Votre historique - résultats
Vous n’avez pas pris ce quiz depuis la dernière actualisation